000 00562nam a2200193Ia 4500
005 20260120124413.0
008 008 260114s9999 xx 000 0 eng d
020 _a9781839828751
037 _aEBOOK
040 _aCRL
_beng
_cCRL
041 _aeng
_2eng
084 _qCRL
245 0 _aOrganizing Creativity in the Innovation Journey
260 _bEmerald Publishing
_c2021
700 _aElke Schuessler
_9906011
856 _uhttps://www.emerald.com/insight/publication/doi/10.1108/S0733-558X202175
942 _cEBOOK
999 _c1497693
_d1497693